| 000 | 00344nam a2200133Ia 4500 | ||
|---|---|---|---|
| 008 | 191201s2005 xx 000 0 und d | ||
| 082 |
_a005.1 _bHED |
||
| 100 | _aHEILEMAN, G | ||
| 245 | 0 | _aData Structures, Algorithms, and Object-oriented Programming | |
| 260 |
_aN.Delhi _bTMH _c2005 |
||
| 300 | _a446 | ||
| 650 | _aB.Tech(IT) | ||
| 942 |
_2ddc _cBK |
||
| 999 |
_c2911 _d2911 |
||